Loading...
| Current Events | 5 | 12.00 | 100% | 20% | 0% |
| Fine Arts - Classical Music | 10 | 29.00 | 90% | 100% | 100% |
| Fine Arts - Other Fine Arts | 8 | 25.00 | 100% | 75% | 75% |
| Geography | 6 | 20.00 | 83% | 67% | 50% |
| History - American History | 4 | 22.50 | 100% | 75% | 50% |
| History - European History | 9 | 22.22 | 100% | 78% | 44% |
| History - Other History | 9 | 17.78 | 100% | 44% | 33% |
| History - World History | 8 | 22.50 | 100% | 63% | 63% |
| Literature - American Literature | 9 | 25.56 | 100% | 100% | 56% |
| Literature - British Literature | 6 | 21.67 | 100% | 83% | 33% |
| Literature - European Literature | 9 | 20.00 | 100% | 67% | 33% |
| Literature - World Literature | 10 | 27.00 | 100% | 90% | 80% |
| Mythology | 6 | 28.33 | 100% | 100% | 83% |
| Painting/Sculpture | 9 | 27.78 | 100% | 100% | 78% |
| Philosophy | 7 | 25.71 | 100% | 86% | 71% |
| Pop Culture | 2 | 20.00 | 100% | 50% | 50% |
| Popular Culture | 1 | 10.00 | 100% | 0% | 0% |
| Religion | 8 | 17.50 | 88% | 50% | 38% |
| Science - Biology | 8 | 17.50 | 100% | 75% | 0% |
| Science - Chemistry | 9 | 18.89 | 89% | 78% | 22% |
| Science - Other Science | 9 | 17.78 | 100% | 44% | 33% |
| Science - Physics | 8 | 20.00 | 100% | 75% | 25% |
| Social Science | 7 | 21.43 | 100% | 71% | 43% |